Score 0/20 Timer 04:00
8 Plays Today
% Correct
Aluminium Alloy
94.3%
Austrian Alps
94.3%
Alzheimer's Association
94.1%
Amy Adams
91.8%
Administrative Assistant
91.8%
Andre Agassi
91.1%
Aptitude Assessment
88.9%
Amazon Alexa
87.6%
Airline Alliance
87.3%
Ascending Aorta
86.2%
% Correct
American Association
85.3%
All Aboard
85.2%
Amino Acid
80.9%
Alan Alda
80.4%
Ann Arbor
79.8%
Allahu Akbar
78.8%
Aboriginal Australians
72.6%
Adam Ant
68.2%
Author! Author!
65.7%
Absalom, Absalom!
48.9%

You're not logged in!

Compare scores with friends on all Sporcle quizzes.
OR
Log In

Sporcle TV

Today on Sporcle TV


Watch our educational content, quiz creation guides, and fun videos on Sporcle TV.

Show Comments

Extras

Top Quizzes Today


Score Distribution

Paid Content

Your Account Isn't Verified!

In order to create a playlist on Sporcle, you need to verify the email address you used during registration. Go to your Sporcle Settings to finish the process.

Report this User

Report this user for behavior that violates our Community Guidelines.

Details: